Hriešne pokušenie

Bibliographic Details
Main Author: Foley, Gaelen, 1973- (Author)
Other Authors: Andrezálová, Barbora (Translator)
Format: Book
Language:Slovak
English
PhysicalDescription:309 s. 21 cm
Published: Bratislava Slovenský spisovateľ 2017
ISBN:9788022019934
Subjects:

MARC

LEADER 00000cam a2200000 a 4500
001 vtls011714280
003 SK-MaSNL
005 20260302020311.0
008 240318s2017 xo g 000 f slo
015 |a SNBA2017/10 
020 |a 9788022019934  |q (viaz.) 
035 |a urn:nbn:sk:snk-am00djto 
035 |a urn:nbn:sk:snk-am3i4ji 
035 |a ED0CD9E6-AFDD-4109-AA6A-6876F9B3B02B 
040 |a SNK  |b slo  |c SNK  |e AACR2 
041 1 |a slo  |h eng 
044 |a xo  |c SK 
072 7 |a 821.111(73)-3  |x Americká próza  |2 konspekt 
080 |a 821.111(73)-31  |2 2011 
080 |a (0:82-312.5)  |2 2011 
100 1 |a Foley, Gaelen,  |d 1973-  |4 aut  |9 209278 
240 1 0 |a Her Every Pleasure  |l Slovensky 
245 1 0 |a Hriešne pokušenie  |c Gaelen Foley ; [z anglického originálu preložila Barbora Andrezálová] 
260 |a Bratislava  |b Slovenský spisovateľ  |c 2017 
300 |a 309 s.  |c 21 cm 
655 7 |a americké romány  |2 SNKPH  |9 1174 
655 7 |a ľúbostné romány  |2 SNKPH  |9 70497 
655 7 |a American fiction  |2 SNKPHeng  |9 281076 
655 7 |a Love novels  |2 SNKPHeng  |9 277756 
700 1 |a Andrezálová, Barbora  |4 trl  |9 184083 
852 |a Štátna vedecká knižnica v Banskej Bystrici 
919 |a 978-80-220-1993-4 
958 |a LX 
958 |a UP 
968 |b ENG 
999 |c 1024583  |d 1026513 
952 |a SNK  |b SNK  |y PREZ  |7 0  |p 17A1272627  |o snkSC 176431  |i snk2017/22109  |8 0  |0 0  |1 0  |4 0  |d 2017-10-11  |f 1  |l 0  |r 2025-09-17 00:00:00  |w 2026-02-24 
952 |a SNK  |b SNK  |y PREZ  |7 0  |p 17A1274638  |o snkSC 176431 D1  |i snk2017/25381  |8 0  |0 0  |1 0  |4 0  |d 2017-11-16  |l 0  |r 2026-02-24 13:35:09  |w 2026-02-24